01163nab a22002057a 4500003000400000005001700004008004100021040000700062100002700069245013900096300001200235500003500247505036600282505009000648650002000738650002400758650001200782650003000794773013300824OSt20260115184435.0190605e xxu||||| |||| 00| 0 spa d cPJ aBalbín, A. Nicolás10aReglamentación de la Ley Bases. El Sistema de Cese Laboral y la indemnización por despido injustificado / cA. Nicolás Balbín. ap. 5-14 aCita Online: AR/DOC/3128/2024. aSumario: I. Introducción.— II. La indemnización por despido injustificado antes de Bases: análisis elemental.— III. Los nuevos institutos creados y alguna de sus características.— IV. Apreciaciones acerca de los institutos incorporados en la reglamentación de Bases, respecto a la indemnización del art. 245 de la LCT.— V. Palabras finales  t¿Te interesa el texto completo? Solicitalo al correo: koha@justierradelfuego.gov.ar  0aDERECHO LABORAL 0aCONTRATO DE TRABAJO 0aDESPIDO 0aINDEMNIZACION POR DESPIDO0 02711dCiudad Autónoma de Buenos Aires : Thomson Reuters La Ley, 1999-2002.tRevista de derecho del trabajo. Nº 1 - Enero 2025